01168nam a2200193Ia 4500001001100000003001000011008004100021040002500062041001300087100003200100245007800132250001100210260008600221300001200307500026400319501011400583520026400697650001300961L320-23776IT-CnALBA170116s9999||||xx |||||||||||||| ||und|| aIT-CnALBAcIT-CnALBA aITALIANO aROMANUS (IL) DELLA RISCOSSA 0aIL SOCIALISMO. PICCOLO QUARESIMALE PREDICATO NELLE OFFICINE E NEI CAMPI.  a1a ed. a BREGANZEbRISCOSSA LA TIPOGRAFIA c1901 [1° Ed.:1901 - Ed.Ling.Originale: 1901] a218 p.  aROMANUS PSEUDONIMO DI SCOTTON ANDREA MONSIGNORE. POVERI DI DIO. POVERI DEL DIAVOLO. IL SOCIALISMO E LA DONNA. ORIGINE. IN ITALIA. IRRELIGIOSITÀ IMMORALITÀ. UGUAGLIANZA DELLE CLASSI. COLLETTIVISMO. ORGANIZZAZIONE ECONOMICA DEL SOCIALISMO. DISTRIBUZIONE DEI aSocietà San Paolo EM - Piazza San Paolo, 14 - 12051 ALBA (CN) (non commercial uses only) ® Copyright 2017 aROMANUS PSEUDONIMO DI SCOTTON ANDREA MONSIGNORE. POVERI DI DIO. POVERI DEL DIAVOLO. IL SOCIALISMO E LA DONNA. ORIGINE. IN ITALIA. IRRELIGIOSITÀ IMMORALITÀ. UGUAGLIANZA DELLE CLASSI. COLLETTIVISMO. ORGANIZZAZIONE ECONOMICA DEL SOCIALISMO. DISTRIBUZIONE DEI aPOLITICA